000 00763cam a2200265I 4500
999 _c8888
_d8888
001 8888
003 BD-JhCC
005 20180621122651.0
008 750523s1963 nyu 000 0 eng c
035 _aBD-JhCC
040 _aDZM
_cDZM
_dOCLCQ
_dMYG
_d(BD-JhCC)8888
041 _aeng
050 0 _aUA926
_b.L4
082 _a500
_bAIR 1963
090 _aUA926.L4x 1942
245 1 8 _aThe air and you :
_bintroduced by science and the way of the scientist /
_cJohn A. Clark...[et. al].
250 _a1st ed.
260 _aNew York,
_bE.P. Dutton and Co. Inc.
_c1942.
300 _a63 p. :
_billus., plates, diagr. front.
_c19 cm.
650 0 _aCivil defense.
650 0 _aProjectiles, Aerial.
700 _aClark, John A.
942 _2ddc
_cBK